00998cam a22002531 4500001001300000003000400013005001700017007001500034008004100049010001700090035001900107040001800126042001200144050001600156100003200172245022000204260007000424300002600494500002800520530006900548651003700617651003900654856005100693rc 01003327 DLC20260227111909.0cr_|||||||||||750626s1874 xx 000 0 eng  arc 01003327  a(OCoLC)1412998 aDLCcOAUdDLC apremarc00aF104.W8b061 aOrcutt, Samuel,d1824-1893.10aHistory of the town of Wolcott (Connecticut) from 1731 to 1874,bwith an account of the centenary meeting, September 10th and 11th, 1873; and with the genealogies of the families of the town.cBy Rev. Samual Orcutt. aWaterbury, Conn.,bPress of the American printing company,c1874. axxiii, 608 p.c23 cm. a"Genealogies": 428-608. aAlso available in digital form on the Internet Archive Web site. 0aWolcott (Conn. : Town)xHistory. 0aWolcott (Conn. : Town)xGenealogy.41uhttp://hdl.loc.gov/loc.gdc/scd0001.00141122344